| 000 | 00708nam a22001697a 4500 | ||
|---|---|---|---|
| 005 | 20250903095833.0 | ||
| 008 | 240830b ||||| |||| 00| 0 eng d | ||
| 082 | _aDPer 364.05 P538 2020 v. 1 iss. 1-2 | ||
| 100 |
_aMaglucot, Edward. _eauthor. _959476 |
||
| 245 |
_aHuman trafficking in the contemporary setting : _bfrom the lens of concerned law enforcers / _cEdward Maglucot, and Mary Ann E. Tarusan. |
||
| 260 |
_aPhilippines ; _bChapterhouse Publishing Inc. , _c2020. |
||
| 300 |
_aVolume 1, pages 81-102 ; _c26 cm. |
||
| 500 | _aPhilippine Criminology Journal, vol. 1, iss. 2, pages 81-102, 2020. | ||
| 700 |
_aMaglucot, Edward. _959476 |
||
| 700 |
_aTarusan, Mary ann E. _959477 |
||
| 942 |
_2ddc _cPER |
||
| 999 |
_c21077 _d21077 |
||